| 000 | 00494nam a2200145 a 4500 | ||
|---|---|---|---|
| 008 | 120416s0000 ||||||||||||||||| || u | ||
| 020 | _a0851097502 | ||
| 050 | _aT 54 Tur | ||
| 100 | _aTurner, Barry A | ||
| 245 | 1 | 0 | _aMan-made disasters |
| 260 |
_aLondon _bWykeham Publications _c1978 |
||
| 300 | _a[viii], 254p. : ill. | ||
| 350 | _a0.00 | ||
| 995 |
_D0.00 _FCBU-MAIN LIBRARY (Kitwe) _H1 _I5.00 _M1 _UAVAILABLE _ZAnnex Low-Usage Collection |
||
| 999 |
_c49805 _d49805 |
||